Recopilación de textos sobre Nicolás Guillén

Guardado en:
Bibliografiske detaljer
Format: Bog
Sprog:Undetermined
Udgivet: Cuba Casa de las Américas 1974
Fag:
Tags: Tilføj Tag
Ingen Tags, Vær først til at tagge denne postø!

MARC

LEADER 00000nam a2200000Ia 4500
008 170316s9999 xx 000 0 und d
040 |a cru BVZT 
090 |a C-860 R-4r 
245 |a Recopilación de textos sobre Nicolás Guillén 
260 |a Cuba 
260 |b Casa de las Américas 
260 |c 1974 
300 |a 429 páginas 
650 |a LITERATURA LATINOAMERICANA 
650 |a CRÍTICA 
650 |a NICOLÁS GUILLEN 
999 |c 13079  |d 13079 
942 |c 15 D  |h C-860 R-4r  |2 z